Đạo đức cổ nhân
Sách giới thiệu những gương xử thế, đối nhân của những nhân vật thời trước với dụng ý trình bày giá trị đạo đức một cách thực tiễn, cách sống lý tưởng và đời sống tinh thần qua hành động và tư tưởng của người xưa mà chúng ta c...
保存先:
| 第一著者: | |
|---|---|
| フォーマット: | 図書 |
| 言語: | Undetermined |
| 出版事項: |
Đồng Tháp
Nxb. Đồng Tháp
1997
|
| 主題: | |
| タグ: |
タグ追加
タグなし, このレコードへの初めてのタグを付けませんか!
|
| Thư viện lưu trữ: | Trung tâm Học liệu Trường Đại học Cần Thơ |
|---|
| LEADER | 01034nam a2200181Ia 4500 | ||
|---|---|---|---|
| 001 | CTU_16895 | ||
| 008 | 210402s9999 xx 000 0 und d | ||
| 082 | |a 170 | ||
| 082 | |b Tr431 | ||
| 100 | |a Nguyễn Hữu Trọng | ||
| 245 | 0 | |a Đạo đức cổ nhân | |
| 245 | 0 | |c Nguyễn Hữu Trọng | |
| 260 | |a Đồng Tháp | ||
| 260 | |b Nxb. Đồng Tháp | ||
| 260 | |c 1997 | ||
| 520 | |a Sách giới thiệu những gương xử thế, đối nhân của những nhân vật thời trước với dụng ý trình bày giá trị đạo đức một cách thực tiễn, cách sống lý tưởng và đời sống tinh thần qua hành động và tư tưởng của người xưa mà chúng ta có thể lĩnh hội và áp dụng được trong vệc tu bồi đạo đức và hiểu được lòng người | ||
| 650 | |a ancient ethics,ethics, chinese | ||
| 980 | |a Trung tâm Học liệu Trường Đại học Cần Thơ | ||